How to Stop Worrying and Start Living (Record no. 94726)
[ view plain ]
| 000 -LEADER | |
|---|---|
| fixed length control field | 00499nam a2200205Ia 4500 |
| 005 - DATE AND TIME OF LATEST TRANSACTION | |
| control field | 20251121153045.0 |
| 008 - FIXED-LENGTH DATA ELEMENTS--GENERAL INFORMATION | |
| fixed length control field | 230125s9999 xx 000 0 und d |
| 020 ## - INTERNATIONAL STANDARD BOOK NUMBER | |
| International Standard Book Number | 978009191906412 |
| 041 ## - LANGUAGE CODE | |
| Language code of text/sound track or separate title | eng |
| 082 ## - DEWEY DECIMAL CLASSIFICATION NUMBER | |
| Classification number | 158.1 |
| Item number | CAR |
| 100 ## - MAIN ENTRY--PERSONAL NAME | |
| Author | Carnegie D |
| 245 ## - TITLE STATEMENT | |
| Title | How to Stop Worrying and Start Living |
| 250 ## - EDITION STATEMENT | |
| Edition statement | Ed.1st |
| 260 ## - PUBLICATION, DISTRIBUTION, ETC. | |
| Date of publication, distribution, etc. | 1998 |
| Name of publisher, distributor, etc. | Vermilion publisher |
| Place of publication, distribution, etc. | London |
| 300 ## - PHYSICAL DESCRIPTION | |
| Extent | 389p |
| 500 ## - GENERAL NOTE | |
| Keywords | Personality Development |
| 700 ## - ADDED ENTRY--PERSONAL NAME | |
| Personal name | Carnegie D |
| 942 ## - ADDED ENTRY ELEMENTS (KOHA) | |
| Koha item type | Books |
| 906 ## - LOCAL DATA ELEMENT F, LDF (RLIN) | |
| b | 61.69 |
| Withdrawn status | Lost status | Damaged status | Not for loan | Home library | Current library | Date acquired | Vendor | Net Price | Bill number | Total Checkouts | Full call number | Barcode | Date last seen | Date last checked out | Actual Price | Bill Date | Koha item type | Original Barcode |
|---|---|---|---|---|---|---|---|---|---|---|---|---|---|---|---|---|---|---|
| Smt. Hiraben Nanavati Institute of Management & Research for Women | Smt. Hiraben Nanavati Institute of Management & Research for Women | 15/03/2017 | Suyog Enterprises | 199.00 | SE/SI/3892 | 2 | 158.1 CAR B15602 | HIMR-BK-15602 | 28/10/2025 | 04/10/2025 | 137.31 | 09/03/2017 | Books | B15602 |